Wszystkie modele Fiata - Statystyki

Ogólne statystyki
  • Ten quiz został rozwiązany 94 razy
    76 od ostatniego zresetowania
  • Średni wynik to 24 z 173
Statystyki odpowiedzi
Model % Poprawnych
1 Fiacre
94%
126
84%
125
78%
5
78%
6
73%
500
69%
Punto
69%
Seicento
69%
Panda
67%
4
65%
126p/Maluch
57%
Bravo
55%
Cinquecento
55%
Tipo
55%
X1/9
55%
600
51%
Ducato
51%
124
49%
125p/Duży Fiat
47%
127
47%
Multipla
45%
128
43%
130
43%
131
37%
Brava
35%
133
33%
Stilo
31%
25
29%
500X
29%
Doblò
27%
Croma
24%
Palio
24%
Siena
24%
500L
22%
Fiorino
22%
Freemont
22%
Ritmo
20%
Scudo
20%
500e
18%
127p
16%
Coupé
16%
Linea
16%
Marea
16%
Qubo
16%
Tempra
16%
70
14%
Grande Panda
14%
Talento
14%
1300/1500
12%
132p
12%
900
12%
Barchetta
12%
Strada
12%
Ulysse
12%
Sedici
10%
1100
8%
124 Spider
8%
1400
8%
1500
8%
510
8%
Argenta
8%
Regata
8%
1200
6%
147
6%
1800
6%
2100
6%
501
6%
515
6%
520
6%
Fullback
6%
Idea
6%
S76
6%
1900
4%
2300
4%
2800
4%
502
4%
503
4%
505
4%
507
4%
508
4%
509
4%
514
4%
518
4%
850
4%
Argo
4%
Cronos
4%
Duna
4%
Fastback
4%
Mobi
4%
Pulse
4%
Titano
4%
Topolino
4%
Toro
4%
typ 2
4%
typ 3
4%
typ 4
4%
typ 6
4%
512
2%
519
2%
521
2%
522
2%
524
2%
525
2%
527
2%
614
2%
615
2%
616
2%
618
2%
619
2%
621
2%
6 HP
2%
770
2%
8V
2%
Dino
2%
Downtown
2%
Elba
2%
IED X1/99
2%
Oggi
2%
Ottimo
2%
Panorama
2%
typ 5
2%
Viaggio
2%
10 HP
0%
124 Sport Spider
0%
126p Cabrio
0%
12 HP
0%
130 HP
0%
16-20 HP
0%
16-24 HP
0%
16 HP
0%
18-24 HP
0%
20-30 HP
0%
238
0%
242
0%
24-32 HP
0%
24-40 HP
0%
28-40 HP
0%
2B
0%
35-45 HP
0%
3.5 CV
0%
3 A
0%
3 TER
0%
40 NC
0%
508 Łazik
0%
50 HP
0%
520 Superfiat
0%
60 HP
0%
612
0%
626
0%
691
0%
8 HP
0%
Aleba
0%
Bianchina
0%
Brevetti
0%
Campagnola
0%
Cinquecento Rush
0%
Ducato Truckster
0%
Ecobasic
0%
FCC
0%
Firepoint
0%
Grande Punto Abarth S2000
0%
Mio
0%
Oltre
0%
S61 Corsa
0%
Sentiero
0%
Turbina
0%
Uno Cabrio
0%
Vignale 125 Samantha
0%
Zero
0%
Nie znaleziono quizów pasujących do podanych kryteriów
Rozkład punktacji
Procent ludzi z każdym wynikiem
Percentyl według liczby udzielonych odpowiedzi
Twoja historia wyników
Nie rozwiązałeś tego quizu od ostatniego zresetowania